[Event "HUN-chT2 Szechenyi 1213"]
[Site "Hungary"]
[Date "2013.03.10"]
[Round "8.11"]
[White "Treligyik, Tamas"]
[Black "Vida, Krisztian"]
[Result "1-0"]
[WhiteElo "1748"]
[BlackElo "1552"]
[PlyCount "85"]
[EventDate "2012.09.16"]
[EventType "team-tourn"]
[EventRounds "11"]
[EventCountry "HUN"]
[SourceTitle "EXT 2014"]
[Source "ChessBase"]
[SourceDate "2013.11.20"]
[SourceVersion "1"]
[SourceVersionDate "2013.11.20"]
[SourceQuality "1"]
[WhiteTeam "Veszprem"]
[BlackTeam "Haladas III"]
[WhiteTeamCountry "HUN"]
[BlackTeamCountry "HUN"]

1. d4 d5 2. c4 c6 3. cxd5 cxd5 4. Nf3 Nc6 5. Bf4 Nf6 6. Nc3 Bg4 7. e3 e6 8. Be2 Bb4 9. 0-0 Rc8 10. Rc1 0-0 11. a3 Bxc3 12. Rxc3 Na5 13. Rxc8 Qxc8 14. Ne5 Bxe2 15. Qxe2 Nd7 16. Nxd7 Qxd7 17. Rc1 Rc8 18. Rc2 h6 19. h3 Rxc2 20. Qxc2 Nc4 21. a4 Qe7 22. Qc3 Qd7 23. b3 Nd6 24. Bxd6 Qxd6 25. Qc8+ Kh7 26. Qxb7 Kg6 27. b4 a6 28. a5 h5 29. Qb6 Qe7 30. g3 h4 31. g4 f5 32. Qxa6 fxg4 33. hxg4 Qf6 34. f4 h3 35. Qd3+ Kf7 36. g5 Qe7 37. Qb5 Qc7 38. Qc5 Qd7 39. b5 Qe8 40. Kh2 Qh8 41. Qc7+ Kg6 42. Qc2+ Kf7 43. b6 1-0